000 00660nam a2200205 i 4500
001 128806
003 ES-MaACL
005 20250822004010.0
007 t|
008 070528s1956 sp ||||1| spa d
100 1 _aTaxonera, Luciano de,
_d1890-1967
_9109428
245 1 0 _aFelipe V, fundador de una dinastia y dos veces Rey de España /
_cLuciano de Taxonera.
250 _a2ª ed.
260 _aBarcelona :
_bJuventud,
_c[1956]
300 _a256 p. :
_bil. ;
_c22 cm.
600 0 4 _aFelipe
_bV,
_cRey de España
_949182
651 4 _aEspaña-
_xHistoria-
_y1700-1746, Felipe V.
_98237
852 _aES-MaACL
_jC-11498
_bR.39644
999 _c128806
_d128806